000 00385nam a2200181Ia 4500
005 20240823060014.0
008 240823s9999||||xx |||||||||||||| ||und||
041 _aTAMIL
082 _A294.555 P3
100 _aTuli Baba
245 0 _aKaliyuga Darmam
250 _a1st
260 _c2003
_bAnbin
500 _aYES
650 _aTamil
_bGeneral
942 _cBK
999 _c230117
_d230117